| 000 | 00570nam a22001817a 4500 | ||
|---|---|---|---|
| 003 | NUST | ||
| 005 | 20260203103223.0 | ||
| 008 | 260203b ||||| |||| 00| 0 eng d | ||
| 020 | _a978-1935589679 | ||
| 082 | _a685.404 | ||
| 100 |
_aProject Management Institute. _913254 |
||
| 245 |
_aA Guide to the Project Management Body of Knowledge (PMBOKĀ® Guide) / _cProject Management Institute. |
||
| 250 | _a5th Edition | ||
| 260 |
_aUSA: _bProject Management Institute, _c2013. |
||
| 300 |
_a589 p ; _c8.38 x 1.2 x 10.88 inches. |
||
| 563 | _aHardcover | ||
| 942 |
_2ddc _cBK |
||
| 999 |
_c616055 _d616055 |
||